000 00644nam a2200241Ia 4500
003 OSt
005 20220918183516.0
006 a|||||r|||| 00| 0
007 ta
008 220917b |||||||| |||| 00| 0 eng d
024 _a38,471
037 _cTextual
040 _aARTS
_cARTS
_beng
041 _2eng
_aeng
082 _aO15:9x2:1:1, K2
100 _aGnoli Raniero
_962959
245 0 _aUbhata's commentary on the kavyalam kara of Bhamaha
260 _c1962
490 _aSeries orientale Roma
650 _aENGLISH LITERATURE
942 _hO15:9x2:1:1, K2
_cTEXL
_2CC
999 _c172867
_d172867